Charakterizácia biomasy rakytníka rešetliakového

Saved in:
Bibliographic Details
Main Author: Bockaničová, Kamila (Author)
Other Authors: Kreps, František (Thesis advisor)
Format: Manuscript Book
Language:Slovak
Published: 2018
Subjects:
Online Access:http://is.stuba.sk/zp/portal_zp.pl?podrobnosti=132792
Tags: Add Tag
No Tags, Be the first to tag this record!

MARC

LEADER 00000ntm a22000003a 4500
001 stuzp69818
003 SK-STU
005 20180623211041.8
007 ta
008 150427s2015----xo-----f-mn---000-0-slo-d
040 |a STU  |b slo 
041 0 |a slo 
100 1 |a Bockaničová, Kamila  |u 040200  |4 aut  |U FCHPT Fakulta chemickej a potravinárskej technológie  |T FCHPT Ústav potravinárstva a výživy  |X 82117  |U C020  |Y 684  |7 82117 
242 0 1 |a Characterisation of Biomass from Sea Buckthorn  |y eng 
245 1 0 |a Charakterizácia biomasy rakytníka rešetliakového 
260 |c 2018 
650 4 |a rakytník rešetliakový  |2 slo 
650 4 |a HPLC-UV  |2 slo 
650 4 |a spektrofotometria  |2 slo 
650 4 |a spectrophotometry  |2 eng 
650 4 |a sea buckthorn  |2 eng 
650 4 |a HPLC-UV  |2 eng 
700 1 |a Kreps, František  |u 040250  |k Z2  |4 ths  |U FCHPT Ústav potravinárstva a výživy  |T FCHPT Oddelenie potravinárskej technológie  |X 40487  |U C0250  |Y 685  |7 A000040487 
856 4 |u http://is.stuba.sk/zp/portal_zp.pl?podrobnosti=132792